Normal view
MARC view
- Hafeez, Sabeeha
Entry Personal Name
001 - CONTROL NUMBER
- control field: 105057
003 - CONTROL NUMBER IDENTIFIER
- control field: NUST
005 - DATE AND TIME OF LATEST TRANSACTION
- control field: 20221216120506.0
008 - FIXED-LENGTH DATA ELEMENTS
- fixed length control field: 221216|| aca||aabn | a|a d
040 ## - CATALOGING SOURCE
- Original cataloging agency: NUST
- Transcribing agency: NUST
100 ## - HEADING--PERSONAL NAME
- Personal name: Hafeez, Sabeeha
670 ## - SOURCE DATA FOUND
- Source citation: Work cat.: (NUST)176864: Hafeez, Sabeeha., The changing Pakistan society / , 1991.
